000 01003nam a22003257a 4500
001 BR2022001003
003 BR-BrBNA
005 20230928105701.0
007 ta
008 230509b bl.||||| |||| 00| 0 por d
040 _aBR-BrBNA
_bpor
_cBiblioteca Nacional de Agricultura
041 _a(Por)
072 _aE70; E16; E10
090 _ E70 BR2022001003
110 1 _aConfederação da Agricultura e Pecuária do Brasil, Brasília, DF (Brasil)
_92548
245 1 _aAgropecuária brasileira: uma visão geral
_bSuperintendência Técnica
260 3 _aBrasília, DF (Brasil):
_c2007.
300 _a35 p.
500 _aNumerical data; 16 illus.; 7 tables; 16 graphs
650 _aECONOMIA AGRÍCOLA
650 _aECONOMIA DA PRODUÇÃO
650 _aPOLÍTICA AGRÍCOLA
650 _aPRODUÇÃO AGRÍCOLA
650 _aBALANÇO COMERCIAL
650 _aAGRONEGÓCIO
650 _aESTRUTURA AGRÁRIA
650 _aEXPORTAÇÃO
909 _a202309
_bLucia
_c55
_dLucia Elande
942 _cBK
999 _c86190
_d86190